Logo BPK

Biblioteka

Politechniki Koszalińskiej

Bridge deck repairs with polymer concrete patching materials final report : (Rekord nr 29626)

Szczegóły MARC
000 -ETYKIETA REKORDU
podpole kontrolne o stałej długości 00486nam a2200145 i 4500
001 - NUMER KONTROLNY REKORDU
pole kontrolne bg
040 ## - ŹRÓDŁO KATALOGOWANIA
Instytucja, która utworzyła rekord BPK
041 ## - KOD JĘZYKA
Kod języka tekstu pol
080 ## - UNIWERSALNA KLASYFIKACJA DZIESIĘTNA - UKD
UKD 624.01:624.2/.8:678.7].004.5/.6
008 - POLE O STAŁEJ DŁUGOŚCI - DANE KONTROLNE
podpole kontrolne o stałej długości s pl f |000 0 pol
100 1# - NAZWA OSOBOWA
Nazwa osobowa EDGECOMB, Walter C.
245 #0 - TYTUŁ/ODPOWIEDZIALNOŚĆ
Tytuł Bridge deck repairs with polymer concrete patching materials final report :
Ciąg dalszy tytułu materials and research division technical paper 82-9 December 1982 /
Pozostałe elementy strefy tytułu i oznaczenia odpowiedzialności prep. by C. Edgecomb, Jr.
260 ## - STREFA ADRESU WYDAWNICZEGO
Miejsce wydania Bengor,
Data publikacji, dystrybucji/powstania dokumentu 1982.
856 ## - LOKALIZACJA I DOSTĘP DO ELEKTRONICZNYCH DOKUMENTÓW ZDALNYCH
Link (URL) http://koha.tu.koszalin.pl/cgi-bin/koha/opac-detail.pl?biblionumber=29626
Tekst linku Katalog online BPK
942 ## - DODATKOWE ELEMENTY (KOHA)
Typ dokumentu Książka
Egzemplarze
Wycofany Status egzemplarza Uszkodzony Dostępność Lokalizacja stała Lokalizacja bieżąca Miejsce przechowywania Sygnatura Kod kreskowy Typ dokumentu
      Dostępny Biblioteka Politechniki Koszalińskiej Biblioteka Politechniki Koszalińskiej Wypożyczalnia BG 35858 02110608 Książka
© 2023 Biblioteka Politechniki Koszalińskiej :: KOHA